The Iron Age and Romano-British settlement at Crick Covert Farm, Northamptonshire : excavations 1997-1998 /
This volume is the first of two reports on archaeological excavations undertaken ahead of the eastern expansion of Daventry International Rail Freight Terminal (DIRFT) which lies in the northern watershed region of Northamptonshire at its border with Warwickshire.
المؤلفون الرئيسيون: ,
مؤلفون آخرون: , , ,
التنسيق: كتاب الكتروني
اللغة: English
منشور في:
Oxford :
Archaeopress Publishing Ltd,
[2015]
سلاسل:
DIRFT ;
volume I.
Archaeopress archaeology.
الموضوعات:
الوصول للمادة أونلاين: Login to view Source
الوسوم: إضافة وسم
رقم الطلب: DA690
| LEADER | 02381nam a2200517 i 4500 | ||
|---|---|---|---|
| 001 | EDZ0001352713 | ||
| 003 | StDuBDS | ||
| 005 | 20230412181624.0 | ||
| 006 | m|||||o||d|||||||| | ||
| 007 | cr ||||||||||| | ||
| 008 | 151202t20152015enka fob 000|0|eng|d | ||
| 020 | |a 9781784912093 (PDF ebook) : |c No price | ||
| 040 | |a StDuBDS |b eng |c StDuBDS |e rda |e pn | ||
| 050 | 4 | |a DA690 | |
| 082 | 0 | 4 | |a 936.2556 |2 23 |
| 100 | 1 | |a Hughes, Gwilym, |e author. | |
| 245 | 1 | 4 | |a The Iron Age and Romano-British settlement at Crick Covert Farm, Northamptonshire : |b excavations 1997-1998 / |c Gwilym Hughes, Ann Woodward with contributions by S. Barnett [and twenty-one others] ; illustrations by Mark Breedon, Nigel Dodds, John Halsted and Bryony Ryder. |
| 264 | 1 | |a Oxford : |b Archaeopress Publishing Ltd, |c [2015] | |
| 264 | 4 | |c ©2015 | |
| 300 | |a 1 online resource : |b illustrations (black and white, and colour). | ||
| 336 | |a text |2 rdacontent | ||
| 336 | |a still image |2 rdacontent | ||
| 337 | |a computer |2 rdamedia | ||
| 338 | |a online resource |2 rdacarrier | ||
| 490 | 1 | |a DIRFT ; |v volume I | |
| 490 | 1 | |a Archaeopress archaeology | |
| 504 | |a Includes bibliographical references. | ||
| 520 | 8 | |a This volume is the first of two reports on archaeological excavations undertaken ahead of the eastern expansion of Daventry International Rail Freight Terminal (DIRFT) which lies in the northern watershed region of Northamptonshire at its border with Warwickshire. | |
| 521 | |a Specialized. | ||
| 588 | |a Description based on online resource; title from home page (viewed on March 9, 2016). | ||
| 650 | 0 | |a Excavations (Archaeology) |z England |z Crick. | |
| 651 | 0 | |a Crick (England) |x Antiquities. | |
| 650 | 0 | |a Iron age |z England |z Crick. | |
| 651 | 0 | |a Rome |x Colonies |z England. | |
| 700 | 1 | |a Woodward, Ann, |e author. | |
| 700 | 1 | |a Breedon, Mark, |e illustrator. | |
| 700 | 1 | |a Dodds, Nigel |c (Archaeological illustrator), |e illustrator. | |
| 700 | 1 | |a Halsted, John, |e illustrator. | |
| 700 | 1 | |a Ryder, Bryony, |e illustrator. | |
| 776 | 0 | 8 | |i Print version : |z 9781784912086 |
| 830 | 0 | |a DIRFT ; |v volume I. | |
| 830 | 0 | |a Archaeopress archaeology. | |
| 856 | 4 | 0 | |3 Archaeopress |u http://library.arce.org:8087/Archaeopress/Products/9781784912086 |
| 942 | |2 lcc |c EBOOK | ||
| 952 | |0 0 |1 0 |4 0 |6 DA0690 |7 1 |9 46097 |a ARCH |b ARCH |d 2023-04-12 |l 0 |o DA690 |r 2023-04-12 00:00:00 |w 2023-04-12 |y EBOOK | ||
| 999 | |c 51755 |d 51755 | ||
